Telecommunications and the computer

Guardat en:
Dades bibliogràfiques
Autor principal: Martin, James
Format: Llibre
Idioma:Undetermined
Publicat: Englewood Cliffs, N.J Prentice-Hall 1969
Matèries:
Etiquetes: Afegir etiqueta
Sense etiquetes, Sigues el primer a etiquetar aquest registre!
Thư viện lưu trữ: Trung tâm Học liệu Trường Đại học Cần Thơ
LEADER 00519nam a2200181Ia 4500
001 CTU_84082
008 210402s9999 xx 000 0 und d
082 |a 621.38 
082 |b M379 
100 |a Martin, James 
245 0 |a Telecommunications and the computer 
245 0 |c James Martin 
260 |a Englewood Cliffs, N.J 
260 |b Prentice-Hall 
260 |c 1969 
650 |a Data transmission systems,Telecommunication 
904 |i Qhieu(sửa) 
980 |a Trung tâm Học liệu Trường Đại học Cần Thơ